The Cambridge handbook of physics formulas
Furkejuvvon:
| Váldodahkki: | |
|---|---|
| Materiálatiipa: | Girji |
| Giella: | eaŋgalasgiella |
| Almmustuhtton: |
Cambridge
Cambridge University
2000
|
| Preanttus: | 1a. ed |
| Fáttát: | |
| Fáddágilkorat: |
Lasit fáddágilkoriid
Eai fáddágilkorat, Lasit vuosttaš fáddágilkora!
|
MARC
| LEADER | 00000nam a2200000 a 4500 | ||
|---|---|---|---|
| 001 | UCK3903 | ||
| 003 | CL-VaPUC | ||
| 008 | 050513e20000000uk |||||||||||||||||eng|d | ||
| 020 | |a 0521575079 | ||
| 082 | 0 | 4 | |a 530.1 |b WOA |2 21 |
| 100 | 0 | |a Woan, Graham |e author |9 492268 | |
| 245 | 1 | 4 | |a The Cambridge handbook of physics formulas |
| 250 | |a 1a. ed | ||
| 300 | |a 220 p | ||
| 942 | |c BK | ||
| 945 | |d 20050513 00:00:00 |a cmena | ||
| 260 | |a Cambridge |b Cambridge University |c 2000 | ||
| 650 | 0 | |a Física teórica |9 345827 | |
| 650 | 0 | |a Fórmulas matemáticas |9 263500 | |
| 650 | 0 | |a Física matemática |9 260981 | |
| 650 | 0 | |a Termodinámica |9 259320 | |
| 583 | |a last modification |c 20130806 05:02:34 |k Rodrigo Vera | ||
| 999 | |c 312948 |d 312946 | ||
| 952 | |0 0 |1 0 |4 0 |6 530_100000000000000_WOA_2000 |7 0 |8 A |9 383965 |a BIBCUR |b BIBCUR |d 2019-11-22 |i 4128435 |o 530.1 WOA 2000 |p 4128435 |r 2025-04-22 |w 2019-11-22 |y BK |k FIS | ||